Termodinámica para ingenieros
Furkejuvvon:
| Váldodahkkit: | , |
|---|---|
| Materiálatiipa: | Girji |
| Giella: | espánnjágiella |
| Almmustuhtton: |
Madrid
McGraw- Hill
2004
|
| Ráidu: | Schaum
|
| Fáttát: | |
| Fáddágilkorat: |
Lasit fáddágilkoriid
Eai fáddágilkorat, Lasit vuosttaš fáddágilkora!
|
MARC
| LEADER | 00000nam a2200000 a 4500 | ||
|---|---|---|---|
| 001 | UCK7933 | ||
| 003 | CL-VaPUC | ||
| 008 | 051230e20040000SP |||||||||||||||||spa|d | ||
| 020 | |a 8448142829 | ||
| 082 | 0 | 4 | |a 660.296 |b POT |2 21 |
| 100 | 0 | |a Potter, Merle C |e author |9 497637 | |
| 700 | 0 | |a Somerton, Craig W |e author |9 497638 | |
| 245 | 1 | 0 | |a Termodinámica para ingenieros |
| 300 | |a 388 p | ||
| 942 | |c BK | ||
| 945 | |d 20051230 00:00:00 |a jtorresc | ||
| 260 | |a Madrid |b McGraw- Hill |c 2004 | ||
| 650 | 0 | |a Termodinámica |9 259320 | |
| 650 | 7 | |a INGENIERIA QUIMICA |2 CL-VaPUC |9 8 | |
| 583 | |a last modification |c 20051230 00:00:00 |k Rodrigo Vera | ||
| 490 | 0 | |a Schaum | |
| 999 | |c 315766 |d 315764 | ||
| 952 | |0 0 |1 0 |4 0 |6 660_296000000000000_POT_2004 |7 0 |8 A |9 389459 |a BIBCUR |b BIBCUR |d 2019-11-22 |i 4194357 |o 660.296 POT 2004 |p 4194357 |r 2025-04-22 |w 2019-11-22 |y BK |k FIS | ||
| 952 | |0 0 |1 0 |2 ddc |4 0 |6 660_296000000000000_POT_2004 |7 0 |8 A |9 389460 |a BIBING |b BIBING |c RES |d 2019-11-22 |i 4357035 |o 660.296 POT 2004 |p 4357035 |r 2025-01-20 |w 2019-11-22 |y BK |k EIQ | ||